Element Synonyms - Statistics

General Stats
  • This quiz has been taken 32 times
  • The average score is 4 of 6
Answer Stats
Hint Answer % Correct
A metal container Tin
100%
A planet Mercury
90%
A very bright colour Neon
58%
A coin Nickel
58%
Shown the way Lead
45%
A handheld electrical device Iron
23%
No matching quizzes found
Score Distribution
Percent of People with Each Score
Percentile by Number Answered
Your Score History
You have not taken this quiz